Jurisprudencia JUBA desde 1984 hasta mayo 2004 /

Guardado en:
Formato: Libro
Idioma:Spanish
Publicado: Buenos Aires, 2004
Materias:
Etiquetas: Agregar Etiqueta
Sin Etiquetas, Sea el primero en etiquetar este registro!
LEADER 00512nam a22001455a 4500
001 DER.der005432
005 20080130000000.0
008 180615s2004####||||||||||||||||||||spa||
245 1 0 |a Jurisprudencia JUBA   |h [recurso electrónico] :  |b desde 1984 hasta mayo 2004 /  |c  Suprema Corte de Justicia de la Provincia de Buenos Aires 
260 |a Buenos Aires,  |c 2004 
300 0 |e CD Jurisprudencia JUBA - W Versión 2.0 
309 |a CD 
653 |a JURISPRUDENCIA 
856 |n www.scba.gov.ar/juba 
859 |a DERECHO  |b BIB. DERECHO  |p 005544